000 00723nam a2200229 i 4500
001 18381
003 ES-MaACL
007 t|
008 011213s1962 it ||||1| ita d
080 _a329(45)PCI
100 1 _aTogliatti, Palmiro.
_9110420
245 1 3 _aLa formazione del gruppo dirigente del partito comunista italiano nel 1923-1924 /
_cPalmiro Togliatti.
250 _a1ยช ed.
260 _aRoma :
_bEditori Riuniti,
_c1962.
300 _a380 p. ;
_c22 cm.
490 1 _aPensiero e azione socialista
500 _aBiblioteca Juan Andrade.
610 2 7 _aPartito comunista italiano.
_96163
830 0 _aPensiero e azione socialista
_9185019
852 _aES-MaACL
_jAND-153
_bR.109455
999 _c18381
_d18381